00981nam a22002651 4500001001300000003000400013005001700017008004100034010001700075040005000092043001200142050002200154051002600176100004000202245012400242260004300366300006200409490005100471500003100522504005400553650002100607650004100628700002900669999001700698gs 11000001 DLC20260227111310.0770317s1910 dcuab b f00010 eng c ags 11000001  aU.S. Geol. Survey. Libr. (200) E no. 443cak an-us-ak0 aQE75b.B9 no. 443 aTN24.A4bG83cCopy 2.10aGrant, Ulysses Sherman,d1867-1932.10aReconnaissance of the geology and mineral resources of Prince William Sound, Alaska,cby U. S. Grant and D. F. Higgins.0 aWashington,bGovt. print. off.,c1910. a89 p.billus., XII pl. (incl. fold. maps) diagrs.c24 cm.0 aUnited States. Geological survey. Bulletin 443 aTwo folded maps in pocket. a"Recent survey publications on Alaska": p. 80-86. 0aGeologyzAlaska. 0aMines and mineral resourceszAlaska.10aHiggins, Daniel F.,cjr. c24975d24975